000 00874nam a22001937a 4500
003 OSt
005 20250827173115.0
008 240312b ||||| |||| 00| 0 eng d
040 _c0
082 _aDPer 621.317 Ie21 July 2022 v. 37 n. 7
100 _aZhong, Liping.
_eauthor.
_954327
245 _aThree-phase reference voltage independent control-based discontinuous modulation algorithm for open-end winding PMSM fed by dual three-level inventers with common DC bus /
_cLiping Zhong and Song Hu.
260 _aNew York ;
_bThe Institute of Electrical and Electronics Engineers, Inc. ,
_cJuly 2022.
300 _avolume 37, pages 8379-8391 :
_billustration ;
_c28 cm.
500 _aIEEE Transactions on Power Electronics, vol. 37, no. 7, pages 8379-8391, July 2022.
700 _aZhong, Liping.
_eauthor.
_954327
700 _aHu, Song.
_eauthor.
_954328
942 _2ddc
_cPER
999 _c19598
_d19598